Statistics for WCW Champions by Year - 1995

Click here to take the quiz!

General Stats

  • This quiz has been taken 67 times
  • The average score is 15 of 22

Answer Stats

TitleDateEventWrestler% Correct
World HeavyweightDecember 27StarrcadeRic Flair
97%
World HeavyweightNovember 26World War 3Randy Savage
94%
World Tag TeamSeptember 27Saturday NightBooker T
89%
World Tag TeamJune 24WorldwideBooker T
89%
World Tag TeamSeptember 17Fall BrawlBooker T
89%
World Tag TeamJune 24WorldwideStevie Ray
89%
World Tag TeamSeptember 27Saturday NightStevie Ray
89%
World Tag TeamSeptember 17Fall BrawlStevie Ray
89%
United StatesJune 18Great American BashSting
89%
World HeavyweightOctober 29Halloween HavocThe Giant
83%
TelevisionSeptember 17Fall BrawlDiamond Dallas Page
74%
TelevisionJanuary 8Main EventArn Anderson
69%
World Tag TeamMay 21SlamboreeBrian Knobbs
63%
World Tag TeamMay 21SlamboreeJerry Sags
63%
World Tag TeamSeptember 18NitroMarcus Bagwell
54%
TelevisionOctober 29Halloween HavocJohnny B. Badd
51%
World Tag TeamSeptember 18NitroScotty Riggs
49%
World Tag TeamJuly 22Saturday NightBunkhouse Buck
37%
World Tag TeamJuly 22Saturday NightDick Slater
37%
TelevisionJune 18Great American BashThe Renegade
37%
United StatesDecember 27Starrcade (post-show match)One Man Gang
34%
United StatesNovember 13NJPW: WCW World in JapanKensuke Sasaki
31%

Score Distribution

Percentile by Number Answered

Percent of People with Each Score

Your Score History

You have not taken this quiz